000 00852cam a2200265 a 4500
001 2140
005 20250226084105.0
020 _a0060291419
020 _a0060291427
040 _aDLC
_cDLC
_dDLC
_beng
050 0 0 _aPZ7.B91527
_bStu 2001
082 0 0 _a813
_221
100 1 _aBunting, Eve
_d1928-
245 1 4 _aThe summer of Riley /
_cby Eve Bunting.
260 _aNew York :
_bScholastic,
_c2001
300 _a170 pages :
_c19 cm
505 _aK
520 _aShortly after he gets the perfect dog, Riley, eleven-year-old William must fight for his dog's life after Riley is taken away because he chases and injures an elderly neighbor's old horse.
521 _a540
_bLexile
521 _aK
_bRaz-Plus
650 1 _aDogs
_vFiction.
650 1 _aDivorce
_vFiction.
906 _a7
_bcbc
_corignew
_d1
_eocip
_f20
_gy-gencatlg
942 _2ddc
_cBK
_n0
999 _c2140
_d2140